000 00455cam a2200157ua 4500
003 OSt
008 240220b |||||||| |||| 00| 0 eng d
041 _aeng
082 _a631.407072
_bWIL/AD
100 _aWilson, M S .
_96078
245 0 0 _aAdvance in Soil organic matter research; The impact on Agriculture of the environment /
250 _a1 /
260 _aCambridge :
_bThe Royal Society of Chemistry ,
_c1991.
300 _a400 ; .
942 _cBK
999 _c2999
_d2999